000 01044nam a22002417a 4500
003 OSt
005 20240725165644.0
008 240725b |||||||| |||| 00| 0 eng d
020 _a9589172245
040 _aCO-UdeC
_bESP
_cCO-UdeC
_dCO-UdeC
_eAARC
082 0 4 _a861
_bG172
100 1 _aGallo Isaza, Orlando
_92641
_d1959-
245 1 0 _aSiendo en las cosas :
_bpoesía reunida /
_cOrlando Gallo Isaza.
260 3 _aMedellín :
_bInstituto para el Desarrollo de Antioquia -IDEA-.
_c1996.
300 _a144 p. ;
_c23 cm.
490 0 _aColección Autores Antioqueños ;
_v102.
505 0 0 _aLa poesía de Orlando Gallo: humor y levedad -- Los paisajes fragmentarios -- En la víspera -- A propósito -- El huésped ingrato -- Siendo en las cosas -- I -- El desamor -- II -- La próxima línea, tal vez -- Lugares -- Volver al barrio -- Los otros lugares -- Posdata
546 _aEspañol
650 0 4 _aAutores colombianos
_92422
650 1 4 _aPoesía antioqueña
_91815
650 1 4 _aPoesía colombiana
_91754
942 _2ddc
_cBK
_h861 G172
_n0
999 _c1847
_d1847